Selected topics from mechanics /

Hlavní autor: Menčík, Jaroslav
Jazyk: Angličtina
Vydáno: Pardubice : University of Pardubice, 2021
Vydání: Edition: first
Témata:
Fyzický popis: 118 stran : ilustrace ; 24 cm
Language note: Anglické a české resumé
Knihy
Uloženo v:
LEADER 01542nam a2200469 i 4500
001 nkc20213384758
003 CZ PrNK
005 20220228091059.0
007 ta
008 211224s2021 xr a f 001 0 eng
015 |a cnb003384758 
020 |a 978-80-7560-380-7  |q (brožováno) 
035 |a (OCoLC)1302727026 
040 |a BOA001  |b cze  |d ABA001  |e rda 
041 0 |a eng  |b cze  |b eng 
072 7 |a 531  |x Obecná mechanika. Mechanika pevných a tuhých těles  |2 Konspekt  |9 6 
080 |a 531/534  |2 MRF 
080 |a 531.8  |2 MRF 
080 |a (048.8)  |2 MRF 
100 1 |a Menčík, Jaroslav  |7 ola2005284362  |4 aut 
245 1 0 |a Selected topics from mechanics /  |c Jaroslav Menčík 
250 |a Edition: first 
264 1 |a Pardubice :  |b University of Pardubice,  |c 2021 
300 |a 118 stran :  |b ilustrace ;  |c 24 cm 
336 |a text  |b txt  |2 rdacontent 
337 |a bez média  |b n  |2 rdamedia 
338 |a svazek  |b nc  |2 rdacarrier 
500 |a 17 výtisků 
504 |a Obsahuje bibliografie a rejstřík 
546 |a Anglické a české resumé 
650 0 7 |a mechanika  |7 ph115247  |2 czenas 
650 0 7 |a technická mechanika  |7 ph126462  |2 czenas 
650 0 9 |a mechanics  |2 eczenas 
650 0 9 |a technical mechanics  |2 eczenas 
655 7 |a monografie  |7 fd132842  |2 czenas 
655 9 |a monographs  |2 eczenas 
910 2 |a BOA001  |b 2-1479.531 
928 9 |a Univerzita Pardubice 
990 |a BK 
995 |a 01 
991 |b 202202  |c NOV 
996 6 |b 2610891241  |c 2-1479.531  |l MZK  |r Sklad / do 1 hodiny  |n 0  |p p.v.  |w 001874886  |u 000010  |a 1  |e BOA001  |j MZK50  |s P